| 000 | 00465nam a2200157Ia 4500 | ||
|---|---|---|---|
| 999 |
_c8213 _d8213 |
||
| 020 | _a9788183703451 | ||
| 082 |
_a305.80095417 _bTIV-H |
||
| 100 | _aTiba, Th. Robert | ||
| 245 | 0 | _aHistory and culture of the Maram Nagas: a reconstruction from oral and folklore | |
| 260 |
_aNew Delhi _bAkansha Publishing _c2013 |
||
| 300 | _axviii, 250 | ||
| 650 | _aNAGA (SOUTH ASIAN PEOPLE) | ||
| 650 | _aMARAM (INDIC PEOPLE) | ||
| 650 | _aTRIBEs AND TRIBALS | ||
| 942 |
_cBK _2ddc |
||